JoBlo- Top 25 Hotties So Far - Statistics

General Stats
  • This quiz has been taken 10 times
    5 since last reset
  • The average score is 8 of 25
Answer Stats
# Name Years % Correct
17 Gal Gadot 2016-2017
60%
2 Jennifer Lawrence 2013-2016, 2018
60%
22 Jennifer Lopez 2017-2018
60%
15 Jessica Alba 2013-2014, 2016
60%
1 Selena Gomez 2013-2018
60%
4 Alexandra Daddario 2014-2017
40%
21 Anna Kendrick 2016, 2018
40%
9 Bella Thorne 2016-2018
40%
16 Chloe Grace Moretz 2016-2018
40%
5 Demi Lovato 2015-2018
40%
8 Kate Upton 2013-2014, 2018
40%
10 Kelly Brook 2013-2015
40%
6 Margot Robbie 2015-2017
40%
19 Scarlett Johansson 2013-2014
40%
12 Ariel Winter 2016-2018
20%
3 Emily Ratajkowski 2013-2014, 2016-2018
20%
14 Hailee Steinfeld 2016-2018
20%
7 Hilary Duff 2015-2017
20%
23 Jessica Chastain 2014-2015
20%
11 Katharine McPhee 2015-2017
20%
13 Victoria Justice 2013-2014, 2016
20%
25 Emmy Rossum 2014-2015
0%
18 Gemma Arterton 2013-2014
0%
20 Lauren Cohan 2013-2014
0%
24 Maria Menounos 2013-2014
0%
No matching quizzes found
Score Distribution
Percent of People with Each Score
Percentile by Number Answered
Your Score History
You have not taken this quiz since the last reset